| 000 | 00810nmc a2200301 a 4500 | ||
|---|---|---|---|
| 003 | AR-BaBNM | ||
| 005 | 20251128211339.0 | ||
| 008 | 094020s1997 ||||||||||||||000 | spa|| | ||
| 020 | _a987-9173-09-0 | ||
| 040 | _cAR-BaBNM | ||
| 100 | 1 | _aPoggi, Gianfranco | |
| 245 | 1 | 0 |
_aEl desarrollo del estado moderno _buna introducción sociológica |
| 260 |
_aBuenos Aires _bUniversidad Nacional de Quilmes _c1997 |
||
| 300 | _a225 p. | ||
| 490 | 0 | _aIntersecciones | |
| 650 | 4 | _aSOCIOLOGIA | |
| 650 | 4 | _aESTADO | |
| 650 | 4 | _aSISTEMAS POLITICOS | |
| 650 | 4 | _aLIBERALISMO | |
| 650 | 4 | _aHISTORIA EUROPEA | |
| 650 | 4 | _aSIGLO DIECINUEVE | |
| 650 | 4 | _aFEUDALISMO | |
| 650 | 4 | _aPOLITICA | |
| 700 | 1 |
_aPons, Horacio _etraductor |
|
| 800 | 1 |
_aAltamirano, Carlos _edirector |
|
| 942 | _cBK | ||
| 998 | _cMariana | ||
| 999 |
_c19272 _d19272 |
||